Statystyki dla Najzimniejsze stolice świata

Kliknij tutaj aby rozwiązać quiz!

Ogólne statystyki

  • Ten quiz został rozwiązany 32 538 razy
    (12 210 od ostatniego zresetowania)
  • Średni wynik to 13 z 19

Statystyki odpowiedzi

°CStolicaKraj% Poprawnych
5,8MoskwaRosja
97%
6,8OsloNorwegia
93%
5,9HelsinkiFinlandia
90%
8,5WarszawaPolska
89%
7,6SztokholmSzwecja
87%
4,7ReykjavíkIslandia
80%
9,1KopenhagaDania
79%
6,6OttawaKanada
79%
9,3BerlinNiemcy
76%
6,1RygaŁotwa
75%
5,9TallinEstonia
75%
6,7WilnoLitwa
75%
8,4KijówUkraina
68%
6,7MińskBiałoruś
68%
-0,4Ułan BatorMongolia
53%
3,5AstanaKazachstan
47%
8,8BernoSzwajcaria
32%
9,3LuksemburgLuksemburg
16%
8,8La PazBoliwia
11%

Rozkład punktacji

Percentyl według liczby udzielonych odpowiedzi

Procent ludzi z każdym wynikiem

Twoja historia wyników

Nie rozwiązałeś tego quizu od ostatniego zresetowania